El trabajo de las naciones : hacia el capitalismo del siglo 21 /
Guardado en:
| Autor Principal: | |
|---|---|
| Formato: | Libro |
| Publicado: |
Buenos Aires :
Javier Vergara,
1993
|
| Materias: | |
| Etiquetas: |
Agregar Etiqueta
Sin Etiquetas, Sea el primero en etiquetar este registro!
|
| LEADER | 00709nam a22002175a 4500 | ||
|---|---|---|---|
| 001 | CEM.cems007583 | ||
| 005 | 20060214000000.0 | ||
| 008 | 130507s1993##################000#0#####d | ||
| 003 | CEMS | ||
| 082 | 0 | 4 | |a 330.1 |
| 100 | 1 | |a Reich, Robert B | |
| 245 | 1 | 0 | |a El trabajo de las naciones : |b hacia el capitalismo del siglo 21 / |
| 260 | |a Buenos Aires : |b Javier Vergara, |c 1993 | ||
| 300 | |a 314 p. | ||
| 505 | 0 | |a La econom¡a naciónal. La red mundial. Los analistas simb¢licos. El significado de naci¢n.- | |
| 653 | |a Capitalismo | ||
| 653 | |a C. basico 1994 | ||
| 653 | |a Economia | ||
| 653 | |a Economia politica | ||
| 653 | |a Nacionalismo economico | ||
| 859 | |a CEMS |b BIB. CEMS - 11 de abril |h 330.1 |i R271 |p 17711.94 |t Ej.1 | ||
